[Event "Bundesliga 0102"]
[Site "Deutschland"]
[Date "2002.02.03"]
[Round "8.8"]
[White "Sebastian, Dirk"]
[Black "Zeller, Frank"]
[Result "1/2-1/2"]
[WhiteElo "2361"]
[BlackElo "2442"]
[PlyCount "101"]
[EventDate "2001.10.06"]
[EventType "team"]
[EventRounds "15"]
[EventCountry "GER"]
[SourceTitle "Bundesliga 0102"]
[Source "DeepChess"]
[SourceDate "2005.01.01"]
[SourceVersion "1"]
[SourceVersionDate "2005.01.01"]
[SourceQuality "1"]
[WhiteTeam "Hamburger SK 1830 e.V."]
[BlackTeam "Stuttgarter SF 1879"]
[WhiteTeamCountry "GER"]
[BlackTeamCountry "GER"]

1. e4 c5 2. Nf3 e6 3. d4 cxd4 4. Nxd4 a6 5. Bd3 Nf6 6. c4 Qc7 7. Nc3 Bc5 8. Nc2
Nc6 9. Be3 b6 10. O-O Bb7 11. a3 Ne5 12. f3 O-O 13. Kh1 Rac8 14. Rc1 Qb8 15. b4
Bd6 16. Bxb6 Nxc4 17. Bxc4 Rxc4 18. Ne3 Rc6 19. Bd4 Nh5 20. g3 Rfc8 21. Qd2 Be5
22. Bxe5 Qxe5 23. Ng4 Qc7 24. Ne2 f5 25. Rxc6 Bxc6 26. exf5 exf5 27. Ne3 f4 28.
Qa2+ Kh8 29. Nd5 Qb7 30. Nexf4 Nxf4 31. Nxf4 Bxf3+ 32. Kg1 Be4 33. Qd2 Qb6+ 34.
Qf2 Qxf2+ 35. Rxf2 g5 36. Ne2 Bd3 37. Kg2 Rc2 38. Nd4 Be4+ 39. Kg1 Rc3 40. Rf8+
Kg7 41. Rd8 d5 42. Ra8 Rxa3 43. b5 a5 44. b6 Ra1+ 45. Kf2 Rb1 46. Ra7+ Kf6 47.
b7 Rb2+ 48. Ke3 Bg2 49. Kd3 Be4+ 50. Ke3 Bg2 51. Kd3 1/2-1/2

[Event "Bundesliga 0102"]
[Site "Deutschland"]
[Date "2002.02.23"]
[Round "8.1"]
[White "Hracek, Zbynek"]
[Black "Georgiev, Kiril"]
[Result "1/2-1/2"]
[WhiteElo "2610"]
[BlackElo "2695"]
[PlyCount "126"]
[EventDate "2001.10.06"]
[EventType "team"]
[EventRounds "15"]
[EventCountry "GER"]
[SourceTitle "Bundesliga 0102"]
[Source "DeepChess"]
[SourceDate "2005.01.01"]
[SourceVersion "1"]
[SourceVersionDate "2005.01.01"]
[SourceQuality "1"]
[WhiteTeam "SAbt SV Werder Bremen"]
[BlackTeam "SV Castrop Rauxel 1923"]
[WhiteTeamCountry "GER"]
[BlackTeamCountry "GER"]

1. e4 e5 2. Nf3 Nf6 3. Nxe5 d6 4. Nf3 Nxe4 5. d4 d5 6. Bd3 Nc6 7. O-O Be7 8. c4
Nb4 9. Be2 O-O 10. Nc3 Be6 11. Ne5 f6 12. Nf3 Kh8 13. a3 Nxc3 14. bxc3 Nc6 15.
cxd5 Bxd5 16. Bd3 Qd7 17. Re1 Rae8 18. Bf4 Bd6 19. Bxd6 Qxd6 20. Nh4 Rxe1+ 21.
Qxe1 Ne7 22. Qe3 Bf7 23. Qe4 Ng6 24. Nf5 Qf4 25. Qxb7 Qd2 26. Bf1 Qxc3 27. Rd1
a5 28. d5 a4 29. Rd4 Qc5 30. Rc4 Qxd5 31. Qxd5 Bxd5 32. Rxa4 Ne5 33. Ra7 c5 34.
Rc7 Rb8 35. Rxc5 Bc4 36. Ne3 Bxf1 37. Kxf1 g5 38. Rc1 Ra8 39. Ra1 Ra4 40. Ke2
Kg7 41. Kd2 Kf7 42. Kc3 Ke6 43. Kb3 Rf4 44. f3 f5 45. Re1 Nd3 46. Rd1 Nc5+ 47.
Kc3 g4 48. fxg4 fxg4 49. Rf1 Ra4 50. Nc2 Ne4+ 51. Kd3 Nc5+ 52. Kc3 Ne4+ 53. Kd3
Nc5+ 54. Kd2 h5 55. g3 h4 56. gxh4 g3 57. hxg3 Ne4+ 58. Kd3 Nxg3 59. Re1+ Kf6
60. Rg1 Nf5 61. Rf1 Ke6 62. Re1+ Kd6 63. h5 Rh4 1/2-1/2

[Event "Bundesliga 0102"]
[Site "Deutschland"]
[Date "2002.02.23"]
[Round "8.2"]
[White "Rozentalis, Eduardas"]
[Black "Babula, Vlastimil"]
[Result "1-0"]
[WhiteElo "2588"]
[BlackElo "2566"]
[PlyCount "91"]
[EventDate "2001.10.06"]
[EventType "team"]
[EventRounds "15"]
[EventCountry "GER"]
[SourceTitle "Bundesliga 0102"]
[Source "DeepChess"]
[SourceDate "2005.01.01"]
[SourceVersion "1"]
[SourceVersionDate "2005.01.01"]
[SourceQuality "1"]
[WhiteTeam "SV Castrop Rauxel 1923"]
[BlackTeam "SAbt SV Werder Bremen"]
[WhiteTeamCountry "GER"]
[BlackTeamCountry "GER"]

1. e4 c5 2. c3 d5 3. exd5 Qxd5 4. d4 Nf6 5. Nf3 Bg4 6. dxc5 Qxd1+ 7. Kxd1 e5 8.
b4 e4 9. h3 Bh5 10. g4 Nxg4 11. hxg4 Bxg4 12. Nbd2 Nc6 13. Rh4 Bxf3+ 14. Nxf3
exf3 15. Re4+ Be7 16. Kc2 a6 17. Bf4 Kf8 18. Rae1 h5 19. a4 g5 20. Bh2 Bf6 21.
b5 axb5 22. axb5 Nd8 23. Re8+ Kg7 24. Rxh8 Kxh8 25. Re8+ Kg7 26. c6 bxc6 27.
bxc6 Ra2+ 28. Kb3 Rxf2 29. c7 Rxf1 30. Be5 Ne6 31. Bxf6+ Kxf6 32. c8=Q f2 33.
Rxe6+ fxe6 34. Qd8+ Kf7 35. Qd3 Ra1 36. Qf3+ Kg6 37. Qxf2 h4 38. c4 Ra8 39. Qe2
Kf6 40. Qe3 Kg6 41. Qd3+ Kh6 42. Qd6 Re8 43. Qd7 Rf8 44. Qxe6+ Kh5 45. c5 g4
46. c6 1-0

[Event "Bundesliga 0102"]
[Site "Deutschland"]
[Date "2002.02.23"]
[Round "8.3"]
[White "Schandorff, Lars"]
[Black "Doettling, Fabian"]
[Result "1-0"]
[WhiteElo "2551"]
[BlackElo "2518"]
[PlyCount "89"]
[EventDate "2001.10.06"]
[EventType "team"]
[EventRounds "15"]
[EventCountry "GER"]
[SourceTitle "Bundesliga 0102"]
[Source "DeepChess"]
[SourceDate "2005.01.01"]
[SourceVersion "1"]
[SourceVersionDate "2005.01.01"]
[SourceQuality "1"]
[WhiteTeam "SAbt SV Werder Bremen"]
[BlackTeam "SV Castrop Rauxel 1923"]
[WhiteTeamCountry "GER"]
[BlackTeamCountry "GER"]

1. d4 d5 2. c4 e6 3. Nf3 Nf6 4. Nc3 Be7 5. Bf4 O-O 6. e3 c5 7. dxc5 Bxc5 8.
cxd5 Nxd5 9. Nxd5 exd5 10. a3 Nc6 11. Bd3 Bb6 12. O-O Qf6 13. b4 Bf5 14. Rc1 a6
15. Bxf5 Qxf5 16. Bd6 Rfd8 17. Bc5 Bxc5 18. Rxc5 Qe4 19. Re1 Rd7 20. Nd4 Nxd4
21. exd4 Qf4 22. Re5 Rad8 23. g3 Qf6 24. Qg4 Qd6 25. h4 h6 26. h5 Kf8 27. Qf5
Kg8 28. Kg2 Kh8 29. g4 Kg8 30. Qf3 Kf8 31. Qf5 Kg8 32. Qf3 Kf8 33. g5 hxg5 34.
Rxg5 Kg8 35. Qg4 Kh8 36. Rxg7 Qf6 37. Rg5 Re7 38. Rgxd5 Rxd5 39. Rxd5 Re8 40.
Qf5 Rg8+ 41. Kf1 Qh6 42. Qe5+ f6 43. Qe3 Qg7 44. Rc5 b6 45. Rc3 1-0

[Event "Bundesliga 0102"]
[Site "Deutschland"]
[Date "2002.02.23"]
[Round "8.4"]
[White "Appel, Ralf"]
[Black "McShane, Luke J"]
[Result "0-1"]
[WhiteElo "2512"]
[BlackElo "2511"]
[PlyCount "68"]
[EventDate "2001.10.06"]
[EventType "team"]
[EventRounds "15"]
[EventCountry "GER"]
[SourceTitle "Bundesliga 0102"]
[Source "DeepChess"]
[SourceDate "2005.01.01"]
[SourceVersion "1"]
[SourceVersionDate "2005.01.01"]
[SourceQuality "1"]
[WhiteTeam "SV Castrop Rauxel 1923"]
[BlackTeam "SAbt SV Werder Bremen"]
[WhiteTeamCountry "GER"]
[BlackTeamCountry "GER"]

1. Nf3 g6 2. g3 Bg7 3. Bg2 Nf6 4. O-O O-O 5. c4 Nc6 6. Nc3 Rb8 7. a4 d6 8. a5
Bg4 9. d4 Qd7 10. d5 Nb4 11. e4 e6 12. Be3 exd5 13. cxd5 c5 14. e5 Ne8 15. exd6
b6 16. axb6 axb6 17. Bf4 Nxd6 18. Qa4 Qxa4 19. Rxa4 Rfd8 20. Nd2 b5 21. Ra7 Nd3
22. Bxd6 Rxd6 23. h3 Bc8 24. Rc7 Rd7 25. Rc6 Rd8 26. Nde4 c4 27. d6 Bb7 28. Rc7
Nxb2 29. Rb1 b4 30. Rxb2 bxc3 31. Rbxb7 Rxb7 32. Nf6+ Bxf6 33. Bxb7 c2 34. Rxc4
Rb8 0-1

[Event "Bundesliga 0102"]
[Site "Deutschland"]
[Date "2002.02.23"]
[Round "8.5"]
[White "Pelletier, Yannick"]
[Black "Gallagher, Joseph G"]
[Result "1/2-1/2"]
[WhiteElo "2531"]
[BlackElo "2516"]
[PlyCount "58"]
[EventDate "2001.10.06"]
[EventType "team"]
[EventRounds "15"]
[EventCountry "GER"]
[SourceTitle "Bundesliga 0102"]
[Source "DeepChess"]
[SourceDate "2005.01.01"]
[SourceVersion "1"]
[SourceVersionDate "2005.01.01"]
[SourceQuality "1"]
[WhiteTeam "SAbt SV Werder Bremen"]
[BlackTeam "SV Castrop Rauxel 1923"]
[WhiteTeamCountry "GER"]
[BlackTeamCountry "GER"]

1. d4 Nf6 2. c4 g6 3. Nc3 Bg7 4. e4 d6 5. Nf3 O-O 6. Be2 e5 7. O-O Nc6 8. d5
Ne7 9. b4 Nh5 10. Re1 f5 11. Ng5 Nf6 12. Bf3 c6 13. b5 cxd5 14. cxd5 h6 15. Ne6
Bxe6 16. dxe6 fxe4 17. Nxe4 Nxe4 18. Bxe4 d5 19. Ba3 dxe4 20. Qxd8 Rfxd8 21.
Bxe7 Re8 22. Bc5 Rxe6 23. Be3 a6 24. a4 axb5 25. axb5 Rxa1 26. Rxa1 Rd6 27. h4
h5 28. Ra8+ Kf7 29. Kh2 Bf6 1/2-1/2

[Event "Bundesliga 0102"]
[Site "Deutschland"]
[Date "2002.02.23"]
[Round "8.6"]
[White "Watson, William N"]
[Black "Joachim, Sven"]
[Result "0-1"]
[WhiteElo "2520"]
[BlackElo "2443"]
[PlyCount "110"]
[EventDate "2001.10.06"]
[EventType "team"]
[EventRounds "15"]
[EventCountry "GER"]
[SourceTitle "Bundesliga 0102"]
[Source "DeepChess"]
[SourceDate "2005.01.01"]
[SourceVersion "1"]
[SourceVersionDate "2005.01.01"]
[SourceQuality "1"]
[WhiteTeam "SV Castrop Rauxel 1923"]
[BlackTeam "SAbt SV Werder Bremen"]
[WhiteTeamCountry "GER"]
[BlackTeamCountry "GER"]

1. e4 c5 2. Nf3 Nc6 3. Nc3 d6 4. d4 cxd4 5. Nxd4 Nf6 6. Bg5 a6 7. Bxf6 gxf6 8.
Be2 Qb6 9. Nf5 e6 10. Nxd6+ Bxd6 11. Qxd6 Qxb2 12. Kd2 Qb6 13. Rab1 Qxf2 14.
Rbf1 Qh4 15. Rf4 Qg5 16. h4 Qa5 17. Rb1 Rg8 18. Rxf6 Ne5 19. g4 Rxg4 20. Rb5
axb5 21. Qxe5 b4 22. Qxa5 Rxa5 23. Bxg4 bxc3+ 24. Kxc3 Ke7 25. Rh6 Ra3+ 26. Kd4
e5+ 27. Kxe5 Bxg4 28. Rxh7 Rxa2 29. Kf4 Be6 30. h5 Rxc2 31. Rg7 Rh2 32. Rg5
Rh4+ 33. Ke3 Kf6 34. Rb5 Kg7 35. Rxb7 Rxh5 36. Kf4 Kg6 37. Rb6 Rh4+ 38. Ke5 Kg5
39. Rb8 Rh6 40. Rg8+ Rg6 41. Rh8 Bb3 42. Rh3 Re6+ 43. Kd4 Bd1 44. Rh1 Bf3 45.
Re1 Rxe4+ 46. Rxe4 Bxe4 47. Kxe4 Kg4 48. Ke3 f5 49. Ke2 Kg3 50. Kf1 f4 51. Kg1
f3 52. Kh1 Kf2 53. Kh2 Ke2 54. Kg3 f2 55. Kf4 f1=Q+ 0-1

[Event "Bundesliga 0102"]
[Site "Deutschland"]
[Date "2002.02.23"]
[Round "8.7"]
[White "Meins, Gerlef"]
[Black "Hoffmann, Michael"]
[Result "1/2-1/2"]
[WhiteElo "2415"]
[BlackElo "2448"]
[PlyCount "44"]
[EventDate "2001.10.06"]
[EventType "team"]
[EventRounds "15"]
[EventCountry "GER"]
[SourceTitle "Bundesliga 0102"]
[Source "DeepChess"]
[SourceDate "2005.01.01"]
[SourceVersion "1"]
[SourceVersionDate "2005.01.01"]
[SourceQuality "1"]
[WhiteTeam "SAbt SV Werder Bremen"]
[BlackTeam "SV Castrop Rauxel 1923"]
[WhiteTeamCountry "GER"]
[BlackTeamCountry "GER"]

1. d4 Nf6 2. c4 e6 3. g3 c5 4. Nf3 cxd4 5. Nxd4 Qc7 6. b3 Bb4+ 7. Bd2 Bc5 8.
Bc3 d5 9. cxd5 Nxd5 10. Bg2 Nxc3 11. Nxc3 O-O 12. O-O Rd8 13. Ndb5 Qb6 14. Qc1
Nc6 15. e3 Be7 16. Rd1 Bd7 17. Nd6 Rab8 18. Nce4 Nb4 19. Qc5 Bc6 20. Qh5 g6 21.
Qh6 Bxe4 22. Nxe4 Rxd1+ 1/2-1/2

[Event "Bundesliga 0102"]
[Site "Deutschland"]
[Date "2002.02.23"]
[Round "8.8"]
[White "Dinstuhl, Volkmar"]
[Black "Heissler, Jakob"]
[Result "0-1"]
[WhiteElo "2402"]
[BlackElo "2437"]
[PlyCount "48"]
[EventDate "2001.10.06"]
[EventType "team"]
[EventRounds "15"]
[EventCountry "GER"]
[SourceTitle "Bundesliga 0102"]
[Source "DeepChess"]
[SourceDate "2005.01.01"]
[SourceVersion "1"]
[SourceVersionDate "2005.01.01"]
[SourceQuality "1"]
[WhiteTeam "SV Castrop Rauxel 1923"]
[BlackTeam "SAbt SV Werder Bremen"]
[WhiteTeamCountry "GER"]
[BlackTeamCountry "GER"]

1. d4 Nf6 2. c4 g6 3. Nc3 Bg7 4. e4 d6 5. f3 O-O 6. Nge2 e5 7. Be3 c6 8. Qd2
Nbd7 9. O-O-O Qa5 10. Bh6 Bxh6 11. Qxh6 b5 12. cxb5 cxb5 13. dxe5 dxe5 14. Kb1
b4 15. Nd5 Nxd5 16. Rxd5 Qc7 17. Qc1 Qb8 18. Ng3 Nb6 19. Ra5 Be6 20. Ba6 Nd7
21. Bd3 Rc8 22. Qd2 Qc7 23. Qxb4 Nc5 24. Bc2 Nb7 0-1

[Event "Bundesliga 0102"]
[Site "Deutschland"]
[Date "2002.02.23"]
[Round "8.1"]
[White "Lamprecht, Frank"]
[Black "Aronian, Levon"]
[Result "1/2-1/2"]
[WhiteElo "2399"]
[BlackElo "2562"]
[PlyCount "87"]
[EventDate "2001.10.06"]
[EventType "team"]
[EventRounds "15"]
[EventCountry "GER"]
[SourceTitle "Bundesliga 0102"]
[Source "DeepChess"]
[SourceDate "2005.01.01"]
[SourceVersion "1"]
[SourceVersionDate "2005.01.01"]
[SourceQuality "1"]
[WhiteTeam "SC Koenigsspringer 1984 Hamburg"]
[BlackTeam "SV Wattenscheid 1930"]
[WhiteTeamCountry "GER"]
[BlackTeamCountry "GER"]

1. d4 Nf6 2. Nf3 e6 3. c4 b6 4. Nc3 Bb7 5. e3 d5 6. cxd5 exd5 7. Qa4+ Nbd7 8.
Ne5 a6 9. Nxd7 Qxd7 10. Qxd7+ Kxd7 11. g3 Bd6 12. Bg2 h5 13. h4 Ne4 14. Nxe4
dxe4 15. Bd2 Bd5 16. a3 a5 17. Rc1 f5 18. Bf1 c6 19. Bc4 b5 20. Bxd5 cxd5 21.
Ke2 Rhb8 22. Rc2 b4 23. axb4 axb4 24. b3 Ra3 25. Rb1 Rg8 26. Bc1 Raa8 27. Rbb2
g5 28. hxg5 Rxg5 29. Ra2 Rgg8 30. Rxa8 Rxa8 31. Bb2 Ra2 32. Kd1 Be7 33. Kc1 h4
34. gxh4 Bxh4 35. Kd1 Be7 36. Re2 Bd6 37. Bc1 Ra1 38. Kc2 Ke6 39. f4 exf3 40.
Rf2 Ra2+ 41. Bb2 Kf6 42. Rxf3 Kg5 43. Rf1 Kg4 44. Kb1 1/2-1/2

[Event "Bundesliga 0102"]
[Site "Deutschland"]
[Date "2002.02.23"]
[Round "8.2"]
[White "Nielsen, Peter Heine"]
[Black "Pajeken, Wolfgang"]
[Result "1-0"]
[WhiteElo "2593"]
[BlackElo "2339"]
[PlyCount "79"]
[EventDate "2001.10.06"]
[EventType "team"]
[EventRounds "15"]
[EventCountry "GER"]
[SourceTitle "Bundesliga 0102"]
[Source "DeepChess"]
[SourceDate "2005.01.01"]
[SourceVersion "1"]
[SourceVersionDate "2005.01.01"]
[SourceQuality "1"]
[WhiteTeam "SV Wattenscheid 1930"]
[BlackTeam "SC Koenigsspringer 1984 Hamburg"]
[WhiteTeamCountry "GER"]
[BlackTeamCountry "GER"]

1. d4 Nf6 2. Nf3 e6 3. c4 c5 4. g3 cxd4 5. Nxd4 Qc7 6. Nc3 a6 7. Bg2 Qxc4 8.
O-O Qc7 9. e4 Nc6 10. Bf4 e5 11. Nd5 Qd8 12. Bg5 Nxd4 13. f4 Be7 14. Nxe7 Qxe7
15. fxe5 Nc6 16. exf6 Qc5+ 17. Kh1 Qxg5 18. Rf5 Qh6 19. Qd6 g6 20. Re5+ Kd8 21.
Rd5 Re8 22. Qc5 Re6 23. e5 Ke8 24. Re1 Qf8 25. Rd6 Nd8 26. Re3 Rxd6 27. exd6+
Ne6 28. Bd5 h5 29. Qc7 Qh6 30. Re2 Qf8 31. h4 Qg8 32. Kh2 Qf8 33. b4 Qg8 34. a4
Qf8 35. a5 Qg8 36. b5 axb5 37. a6 Qf8 38. a7 Qg8 39. Qb8 Kd8 40. Rc2 1-0

[Event "Bundesliga 0102"]
[Site "Deutschland"]
[Date "2002.02.23"]
[Round "8.3"]
[White "Hochgraefe, Markus"]
[Black "Rustemov, Alexander"]
[Result "1/2-1/2"]
[WhiteElo "2334"]
[BlackElo "2607"]
[PlyCount "95"]
[EventDate "2001.10.06"]
[EventType "team"]
[EventRounds "15"]
[EventCountry "GER"]
[SourceTitle "Bundesliga 0102"]
[Source "DeepChess"]
[SourceDate "2005.01.01"]
[SourceVersion "1"]
[SourceVersionDate "2005.01.01"]
[SourceQuality "1"]
[WhiteTeam "SC Koenigsspringer 1984 Hamburg"]
[BlackTeam "SV Wattenscheid 1930"]
[WhiteTeamCountry "GER"]
[BlackTeamCountry "GER"]

1. Nf3 d5 2. d4 Nf6 3. c4 c6 4. Nc3 a6 5. Ne5 Nbd7 6. Bf4 dxc4 7. Nxc4 b5 8.
Ne5 Bb7 9. e3 e6 10. Be2 c5 11. O-O cxd4 12. Qxd4 Bc5 13. Qd3 Nxe5 14. Bxe5
Qxd3 15. Bxd3 Ke7 16. Rfd1 Rac8 17. Rac1 Rhd8 18. Kf1 Bd6 19. Bxd6+ Rxd6 20. f3
b4 21. Ne2 e5 22. Rxc8 Bxc8 23. Bc2 Rc6 24. Ba4 Rc5 25. Rc1 Rxc1+ 26. Nxc1 e4
27. Kf2 Be6 28. Bb3 Kd6 29. Ke2 exf3+ 30. gxf3 g5 31. Bxe6 fxe6 32. Nd3 a5 33.
Nf2 Kd5 34. Kd3 Nd7 35. e4+ Kc5 36. b3 Ne5+ 37. Ke3 h5 38. h3 Ng6 39. Nd3+ Kd6
40. Kd4 e5+ 41. Ke3 Nf4 42. Nxf4 gxf4+ 43. Kd3 Kc5 44. h4 Kb5 45. Kc2 a4 46.
Kd3 axb3 47. axb3 Kc5 48. Kc2 1/2-1/2

[Event "Bundesliga 0102"]
[Site "Deutschland"]
[Date "2002.02.23"]
[Round "8.4"]
[White "Holzke, Frank"]
[Black "Buhr, Carl Christian"]
[Result "1-0"]
[WhiteElo "2468"]
[BlackElo "2394"]
[PlyCount "53"]
[EventDate "2001.10.06"]
[EventType "team"]
[EventRounds "15"]
[EventCountry "GER"]
[SourceTitle "Bundesliga 0102"]
[Source "DeepChess"]
[SourceDate "2005.01.01"]
[SourceVersion "1"]
[SourceVersionDate "2005.01.01"]
[SourceQuality "1"]
[WhiteTeam "SV Wattenscheid 1930"]
[BlackTeam "SC Koenigsspringer 1984 Hamburg"]
[WhiteTeamCountry "GER"]
[BlackTeamCountry "GER"]

1. e4 c5 2. Nf3 Nc6 3. d4 cxd4 4. Nxd4 Qc7 5. Nc3 e6 6. g3 a6 7. Bg2 Bc5 8.
Nxc6 dxc6 9. Qg4 Kf8 10. Qe2 e5 11. Bd2 Nf6 12. f4 b5 13. h3 Bd4 14. Qf3 Be6
15. Ne2 Bc5 16. Bc3 Nd7 17. b3 f6 18. g4 Ke7 19. g5 fxg5 20. Qg3 gxf4 21. Nxf4
exf4 22. Qxg7+ Bf7 23. Qg5+ Ke8 24. Bxh8 h6 25. Qf5 Ke7 26. Bf6+ Ke8 27. O-O-O
1-0

[Event "Bundesliga 0102"]
[Site "Deutschland"]
[Date "2002.02.23"]
[Round "8.5"]
[White "Voigt, Martin"]
[Black "Handke, Florian"]
[Result "1/2-1/2"]
[WhiteElo "2300"]
[BlackElo "2384"]
[PlyCount "129"]
[EventDate "2001.10.06"]
[EventType "team"]
[EventRounds "15"]
[EventCountry "GER"]
[SourceTitle "Bundesliga 0102"]
[Source "DeepChess"]
[SourceDate "2005.01.01"]
[SourceVersion "1"]
[SourceVersionDate "2005.01.01"]
[SourceQuality "1"]
[WhiteTeam "SC Koenigsspringer 1984 Hamburg"]
[BlackTeam "SV Wattenscheid 1930"]
[WhiteTeamCountry "GER"]
[BlackTeamCountry "GER"]

1. e4 c5 2. Nf3 e6 3. b3 b6 4. d4 cxd4 5. Nxd4 Bb7 6. Nb5 d6 7. Ba3 a6 8. Nxd6+
Bxd6 9. Bxd6 Bxe4 10. Be5 Qg5 11. Bb2 Nf6 12. Qd2 Qc5 13. Bd4 Qc7 14. Qc3 Nc6
15. Bxf6 gxf6 16. Nd2 Bg6 17. Be2 O-O 18. O-O Qe5 19. Qxc6 Qxe2 20. Nc4 Rab8
21. Nxb6 Be4 22. Qd6 Rxb6 23. Qxb6 Bxg2 24. Rfe1 Qg4 25. f3 Bxf3+ 26. Kf2 Qg2+
27. Ke3 Bg4 28. Qd4 e5 29. Qxg4+ Qxg4 30. Rg1 Qg6 31. c4 f5 32. Rxg6+ fxg6 33.
b4 Kf7 34. c5 Rd8 35. Rc1 Ke6 36. a4 Rb8 37. c6 Kd6 38. b5 axb5 39. axb5 Kc7
40. Rc5 e4 41. Re5 Rf8 42. Re7+ Kd6 43. Rd7+ Kc5 44. c7 Rc8 45. Rxh7 Kxb5 46.
Rg7 Kc4 47. h4 Kd5 48. Kf4 Kd4 49. Rxg6 Rxc7 50. Rd6+ Kc5 51. Rf6 Re7 52. Rxf5+
Kd4 53. Kg5 e3 54. Rf1 Ke5 55. Kg6 e2 56. Re1 Kf4 57. h5 Re6+ 58. Kg7 Kg5 59.
h6 Re7+ 60. Kf8 Kf6 61. Rxe2 Rxe2 62. h7 Rh2 63. Kg8 Rg2+ 64. Kf8 Rh2 65. Kg8
1/2-1/2

[Event "Bundesliga 0102"]
[Site "Deutschland"]
[Date "2002.02.23"]
[Round "8.6"]
[White "Ellers, Holger"]
[Black "Von Buelow, Georg"]
[Result "0-1"]
[WhiteElo "2444"]
[BlackElo "2298"]
[PlyCount "104"]
[EventDate "2001.10.06"]
[EventType "team"]
[EventRounds "15"]
[EventCountry "GER"]
[SourceTitle "Bundesliga 0102"]
[Source "DeepChess"]
[SourceDate "2005.01.01"]
[SourceVersion "1"]
[SourceVersionDate "2005.01.01"]
[SourceQuality "1"]
[WhiteTeam "SV Wattenscheid 1930"]
[BlackTeam "SC Koenigsspringer 1984 Hamburg"]
[WhiteTeamCountry "GER"]
[BlackTeamCountry "GER"]

1. d4 Nf6 2. c4 g6 3. g3 Bg7 4. Bg2 d5 5. Nf3 dxc4 6. Na3 Nc6 7. Nxc4 Be6 8. b3
Bd5 9. Bb2 O-O 10. O-O a5 11. a4 Qc8 12. Rc1 Rd8 13. e3 h6 14. Qe2 Qe6 15. Rfd1
g5 16. h3 Nh7 17. Re1 f5 18. Nfe5 Bxg2 19. Kxg2 Nxe5 20. Nxe5 Bxe5 21. dxe5 c6
22. Rc4 Rd7 23. Bd4 Nf8 24. Qh5 Kh7 25. h4 g4 26. e4 b5 27. Rc5 Rxd4 28. exf5
Qxb3 29. Kg1 Qb4 30. Rec1 Rad8 31. Rxc6 Rd1+ 32. Kh2 Qd2 33. Qf7+ Kh8 34. R6c2
Qd5 35. Rxd1 Qxf7 36. Rxd8 Qxf5 37. Rcc8 Qxf2+ 38. Kh1 Qf1+ 39. Kh2 Qf2+ 40.
Kh1 Qe1+ 41. Kg2 Qe2+ 42. Kg1 Qe3+ 43. Kh2 Qe2+ 44. Kg1 Kg7 45. Rxf8 Qd1+ 46.
Rf1 Qxa4 47. e6 Qd4+ 48. Rf2 Qe3 49. Kg2 Qxe6 50. Rcf8 a4 51. R8f5 a3 52. R2f4
a2 0-1

[Event "Bundesliga 0102"]
[Site "Deutschland"]
[Date "2002.02.23"]
[Round "8.7"]
[White "Berger, Steve"]
[Black "Straeter, Timo"]
[Result "1-0"]
[WhiteElo "2311"]
[BlackElo "2310"]
[PlyCount "99"]
[EventDate "2001.10.06"]
[EventType "team"]
[EventRounds "15"]
[EventCountry "GER"]
[SourceTitle "Bundesliga 0102"]
[Source "DeepChess"]
[SourceDate "2005.01.01"]
[SourceVersion "1"]
[SourceVersionDate "2005.01.01"]
[SourceQuality "1"]
[WhiteTeam "SC Koenigsspringer 1984 Hamburg"]
[BlackTeam "SV Wattenscheid 1930"]
[WhiteTeamCountry "GER"]
[BlackTeamCountry "GER"]

1. e4 e5 2. Nf3 Nc6 3. Bb5 a6 4. Ba4 d6 5. d4 b5 6. Bb3 Nxd4 7. Nxd4 exd4 8. c3
Bb7 9. cxd4 Bxe4 10. O-O Nf6 11. Bg5 d5 12. Nc3 Be7 13. f3 Bf5 14. Bxf6 Bxf6
15. Re1+ Kf8 16. Nxd5 Bh4 17. Re5 g6 18. Rc1 Rc8 19. Rc6 Bd7 20. Rxa6 c6 21.
Nb6 Rb8 22. Nxd7+ Qxd7 23. Rc5 Re8 24. g3 Bf6 25. Rcxc6 Qxd4+ 26. Qxd4 Bxd4+
27. Kf1 Re7 28. Rc2 Kg7 29. Rd6 Bf6 30. Rb6 Rhe8 31. Rxb5 Re1+ 32. Kg2 Bd4 33.
Rb7 R8e2+ 34. Rxe2 Rxe2+ 35. Kh3 Bg1 36. Rxf7+ Kh6 37. Rc7 Rxb2 38. Kg4 Bd4 39.
Bg8 Bg7 40. h4 Rb8 41. Bb3 Be5 42. Re7 Bf6 43. Rf7 Bg7 44. f4 Rf8 45. Rd7 Bf6
46. a4 Rb8 47. Bc4 Rb4 48. Bg8 Bg7 49. a5 Rb8 50. Bd5 1-0

[Event "Bundesliga 0102"]
[Site "Deutschland"]
[Date "2002.02.23"]
[Round "8.8"]
[White "Thiel, Thomas"]
[Black "Wendt, Jan Dietrich"]
[Result "1/2-1/2"]
[WhiteElo "2314"]
[BlackElo "2285"]
[PlyCount "37"]
[EventDate "2001.10.06"]
[EventType "team"]
[EventRounds "15"]
[EventCountry "GER"]
[SourceTitle "Bundesliga 0102"]
[Source "DeepChess"]
[SourceDate "2005.01.01"]
[SourceVersion "1"]
[SourceVersionDate "2005.01.01"]
[SourceQuality "1"]
[WhiteTeam "SV Wattenscheid 1930"]
[BlackTeam "SC Koenigsspringer 1984 Hamburg"]
[WhiteTeamCountry "GER"]
[BlackTeamCountry "GER"]

1. e4 d6 2. d4 Nf6 3. Nc3 g6 4. Nf3 Bg7 5. h3 a6 6. a4 b6 7. Bc4 e6 8. Qe2 Bb7
9. e5 dxe5 10. dxe5 Nd5 11. Ne4 h6 12. Bd2 Nd7 13. Ng3 c5 14. O-O Qc7 15. Rfe1
O-O 16. h4 Ne7 17. Bc3 Nd5 18. Bd2 Nb4 19. Bc3 1/2-1/2

[Event "Bundesliga 0102"]
[Site "Deutschland"]
[Date "2002.02.23"]
[Round "8.1"]
[White "Lutz, Christopher"]
[Black "Stohl, Igor"]
[Result "1/2-1/2"]
[WhiteElo "2643"]
[BlackElo "2533"]
[PlyCount "46"]
[EventDate "2001.10.06"]
[EventType "team"]
[EventRounds "15"]
[EventCountry "GER"]
[SourceTitle "Bundesliga 0102"]
[Source "DeepChess"]
[SourceDate "2005.01.01"]
[SourceVersion "1"]
[SourceVersionDate "2005.01.01"]
[SourceQuality "1"]
[WhiteTeam "SG Porz e.V."]
[BlackTeam "SF Neukoelln 03 e.V."]
[WhiteTeamCountry "GER"]
[BlackTeamCountry "GER"]

1. e4 c5 2. Nf3 d6 3. d4 cxd4 4. Nxd4 Nf6 5. Nc3 e6 6. g4 h6 7. h3 a6 8. Bg2
Nc6 9. Be3 Ne5 10. Qe2 g5 11. f4 gxf4 12. Bxf4 Qc7 13. O-O-O b5 14. g5 hxg5 15.
Bxg5 Nh5 16. Qf2 Be7 17. h4 Bb7 18. Kb1 Nf6 19. Bxf6 Ng4 20. Qe2 Nxf6 21. e5
dxe5 22. Bxb7 Qxb7 23. Qxe5 O-O-O 1/2-1/2